00890nam a2200241Ia 4500003000400000005001700004008004100021020001800062040001800080041000800098082002400106100002300130245011000153250000600263260006700269300001000336650001700346700003300363700002600396942003300422999001900455952017400474OSt20251014103120.0210716s2018 xx 000 0 und d a9789352136100 cAIMIT LIBRARY aeng a005.76813 21bHOPT aHope, Tom.9242188 aLearning tensorflow: a guide to building deep learning systems.bGuide to building deep learning systems. a1 aNew DelhibShroff Publications and Distributers Pvt Ltdc2018 ax,228 aNone9242189 aResheff, Yehezkel S.9242190 aLieder, Itay.9242191 2ddccBKe1stk005.76813 HOPT c196950d196950 00102ddc40708MCAaAIMITbAIMITeShroff Publishersg700.00iBill no:1483; Bill dt:2019-02-15l0o005.76813 HOPTpMCA16465r2026-05-23 00:00:00v525.00w2021-07-16yBK